00345 a2200109 450000100060000008200160000610000430002224500780006526000270014330000140017074000510018490634 a624.172 BAJ aBajer, Czeslaw I; Bartlomiej Dyniewicz aNumerical analysis of vibrations of structures under moving inertial load aLondonbSpringerc2012 ax, 294 p. avibrations of structureshmoving inertial load